[Event "Titled Tuesday intern op 27th Aug Late"]
[Site "Chess.com INT"]
[Date "2024.08.27"]
[Round "8"]
[White "Bold, Andre"]
[Black "Krsnik Cohar, Ivan Vihor"]
[Result "0-1"]
[WhiteElo "2215"]
[BlackElo "2331"]
[PlyCount "80"]
[EventDate "2024.08.27"]
[EventType "swiss (blitz)"]
[EventRounds "11"]
[EventCountry "USA"]
[SourceTitle "EXT 2025"]
[Source "ChessBase"]
[SourceDate "2024.10.14"]
[SourceVersion "1"]
[SourceVersionDate "2024.10.14"]
[SourceQuality "1"]

1. e4 d5 2. exd5 Qxd5 3. Nc3 Qe5+ 4. Be2 c6 5. Nf3 Qc7 6. d4 Bf5 7. 0-0 e6 8. a4 Nd7 9. a5 a6 10. Bd2 Ngf6 11. Na4 Bd6 12. c3 Qxa5 13. c4 Qc7 14. c5 Be7 15. Nb6 Nxb6 16. Ba5 Nfd5 17. Qb3 0-0 18. Bc4 Qf4 19. Bxb6 Be4 20. Ne5 Rfe8 21. Rae1 Bf6 22. g3 Qf5 23. f3 Bc2 24. Qa3 Bxe5 25. Rxe5 Qg6 26. Rfe1 Nxb6 27. cxb6 Rad8 28. Qc3 Bf5 29. g4 h5 30. h3 hxg4 31. hxg4 Bc2 32. b3 Qh7 33. R5e2 Bb1 34. Qb2 Bd3 35. Rh2 Qg6 36. Qc3 Bxc4 37. bxc4 Qf6 38. Kg2 Qxd4 39. Qc2 Qd2+ 40. Kg3 Qxe1+ 0-1

[Event "Titled Tuesday intern op 27th Aug Early"]
[Site "Chess.com INT"]
[Date "2024.08.27"]
[Round "2"]
[White "Krsnik Cohar, Ivan Vihor"]
[Black "Buscar, Michael"]
[Result "0-1"]
[WhiteElo "2331"]
[BlackElo "2016"]
[PlyCount "144"]
[EventDate "2024.08.27"]
[EventType "swiss (blitz)"]
[EventRounds "11"]
[EventCountry "USA"]
[SourceTitle "EXT 2025"]
[Source "ChessBase"]
[SourceDate "2024.10.14"]
[SourceVersion "1"]
[SourceVersionDate "2024.10.14"]
[SourceQuality "1"]

1. d4 d5 2. Bg5 Nf6 3. Nd2 e6 4. e3 c5 5. c3 Nc6 6. Bd3 Be7 7. f4 h6 8. Bxf6 Bxf6 9. Ngf3 g5 10. fxg5 hxg5 11. dxc5 e5 12. e4 Bg4 13. exd5 Qxd5 14. Ne4 Be7 15. Bc2 0-0-0 16. Nd6+ Rxd6 17. cxd6 Qxd6 18. Qxd6 Bxd6 19. Nxg5 Bh5 20. Bf5+ Kc7 21. g4 Bg6 22. 0-0-0 Be7 23. Bxg6 Bxg5+ 24. Kc2 fxg6 25. Rdf1 Bf4 26. h4 Nd8 27. h5 gxh5 28. gxh5 Ne6 29. Rfg1 Ng5 30. h6 Rh7 31. Rh5 Kd6 32. Kd3 Ne6 33. Rg6 Kd5 34. b4 b5 35. a4 a6 36. a5 Bc1 37. Rh1 Nf4+ 38. Kc2 Nxg6 39. Kxc1 Ne7 40. Rd1+ Ke6 41. c4 bxc4 42. b5 axb5 43. a6 Nc6 44. Rh1 Kf6 45. Kc2 Nb4+ 46. Kc3 Nxa6 47. Ra1 Nc7 48. Kb4 Rxh6 49. Ra7 Rh7 50. Ra1 Ke6 51. Rg1 Rf7 52. Kc5 e4 53. Kd4 Rd7+ 54. Kxe4 Kd6 55. Kd4 Kc6+ 56. Kc3 Nd5+ 57. Kd4 Nc7+ 58. Kc3 Kc5 59. Rg5+ Nd5+ 60. Kc2 b4 61. Rg8 Rf7 62. Rc8+ Kd4 63. Kd2 Rf2+ 64. Ke1 Ra2 65. Rh8 c3 66. Rh4+ Kd3 67. Rh8 Ra1+ 68. Kf2 c2 69. Rh3+ Kd2 70. Rh5 Nc3 71. Rh8 c1Q 72. Rd8+ Kc2 0-1

[Event "Titled Tuesday intern op 27th Aug Late"]
[Site "Chess.com INT"]
[Date "2024.08.27"]
[Round "10"]
[White "Krsnik Cohar, Ivan Vihor"]
[Black "Indjic, Aleksandar"]
[Result "0-1"]
[WhiteElo "2331"]
[BlackElo "2610"]
[PlyCount "68"]
[EventDate "2024.08.27"]
[EventType "swiss (blitz)"]
[EventRounds "11"]
[EventCountry "USA"]
[SourceTitle "EXT 2025"]
[Source "ChessBase"]
[SourceDate "2024.10.14"]
[SourceVersion "1"]
[SourceVersionDate "2024.10.14"]
[SourceQuality "1"]

1. d4 g6 2. Bg5 Bg7 3. c3 d6 4. Nd2 Nd7 5. e3 Nh6 6. Ngf3 f6 7. Bxh6 Bxh6 8. Bc4 e5 9. Qb3 Qe7 10. dxe5 dxe5 11. 0-0 Nb6 12. Be2 Be6 13. Qc2 0-0 14. Rfd1 Bg7 15. a4 a5 16. e4 Rfd8 17. Nf1 Bh6 18. b3 Rxd1 19. Rxd1 Rd8 20. Ne1 Rxd1 21. Bxd1 Nd7 22. Nd2 Qd6 23. Nd3 Bxd2 24. Qxd2 Nc5 25. Bc2 Nxe4 26. Qe1 Nc5 27. Nc1 b6 28. b4 Nd7 29. bxa5 bxa5 30. c4 Qb6 31. Qd2 Nc5 32. Qd8+ Kg7 33. Qe7+ Bf7 34. h4 Qd6 0-1

[Event "Titled Tuesday intern op 27th Aug Late"]
[Site "Chess.com INT"]
[Date "2024.08.27"]
[Round "6"]
[White "Krsnik Cohar, Ivan Vihor"]
[Black "Jarocka, Liwia"]
[Result "1/2-1/2"]
[WhiteElo "2331"]
[BlackElo "2217"]
[PlyCount "213"]
[EventDate "2024.08.27"]
[EventType "swiss (blitz)"]
[EventRounds "11"]
[EventCountry "USA"]
[SourceTitle "EXT 2025"]
[Source "ChessBase"]
[SourceDate "2024.10.14"]
[SourceVersion "1"]
[SourceVersionDate "2024.10.14"]
[SourceQuality "1"]

1. d4 d5 2. Bg5 c5 3. e3 f6 4. Bf4 Nc6 5. Nf3 Bg4 6. c3 e5 7. dxe5 fxe5 8. Bg3 e4 9. Qa4 Bd7 10. Nfd2 Nf6 11. Qd1 Be7 12. Be2 0-0 13. 0-0 Rc8 14. Na3 Kh8 15. Nc2 Bf5 16. f3 exf3 17. Bxf3 Bd3 18. Be2 Bg6 19. Ne1 Bd6 20. Bxd6 Qxd6 21. Qa4 Rce8 22. Nef3 Rxe3 23. Bb5 Ne4 24. Rad1 a6 25. Bxc6 Qxc6 26. Qxc6 bxc6 27. Ne5 Rxf1+ 28. Nxf1 Re2 29. Nxc6 Nf6 30. Rd2 Re1 31. h3 h6 32. Kf2 Ra1 33. Ng3 Rxa2 34. Ne5 Be4 35. Kg1 a5 36. Re2 a4 37. c4 Kh7 38. Kh2 a3 39. bxa3 Rxa3 40. cxd5 Bxd5 41. Rc2 Ra5 42. Ne2 Be4 43. Rd2 Ra1 44. Nc3 Bf5 45. Rb2 Rc1 46. Na4 c4 47. Rf2 Bc2 48. Nc3 Ne4 49. Nxe4 Bxe4 50. Rf4 Bd5 51. Rd4 Be6 52. Rd6 Bg8 53. Rc6 c3 54. Ng6 Bd5 55. Nf8+ Kg8 56. Rc8 Kf7 57. Nd7 c2 58. Ne5+ Ke6 59. Nd3 Rd1 60. Nf4+ Ke5 61. Nxd5 c1Q 62. Rxc1 Rxc1 63. Ne3 Ra1 64. Nc4+ Kf4 65. Nb2 Ra2 66. Nd3+ Kf5 67. Nb4 Rd2 68. Nc6 g5 69. Kg3 h5 70. Kf3 h4 71. Ne7+ Ke6 72. Nc6 Rd3+ 73. Ke2 Rg3 74. Kf2 Kd5 75. Nb4+ Kc4 76. Nc6 Kd5 77. Nb4+ Ke4 78. Nc6 Rb3 79. Ne7 Rb2+ 80. Kg1 Kf4 81. Kh2 Re2 82. Nd5+ Ke5 83. Nc3 Rc2 84. Nb5 Kd5 85. Kg1 Kc4 86. Nd6+ Kd3 87. Nf7 Ke3 88. Nxg5 Kf4 89. Ne6+ Kg3 90. Kf1 Rf2+ 91. Ke1 Rxg2 92. Ng5 Rg1+ 93. Ke2 Rg2+ 94. Ke3 Kh2 95. Nf3+ Kxh3 96. Ne1 Rg3+ 97. Kf2 Kh2 98. Nf3+ Kh3 99. Ng1+ Kg4 100. Ne2 Ra3 101. Nd4 Ra2+ 102. Kg1 h3 103. Kh1 Ra1+ 104. Kh2 Ra2+ 105. Kh1 Kh4 106. Nf5+ Kg4 107. Nd4 1/2-1/2

[Event "Titled Tuesday intern op 27th Aug Late"]
[Site "Chess.com INT"]
[Date "2024.08.27"]
[Round "3"]
[White "Krsnik Cohar, Ivan Vihor"]
[Black "Sarana, Alexey"]
[Result "0-1"]
[WhiteElo "2331"]
[BlackElo "2717"]
[PlyCount "66"]
[EventDate "2024.08.27"]
[EventType "swiss (blitz)"]
[EventRounds "11"]
[EventCountry "USA"]
[SourceTitle "EXT 2025"]
[Source "ChessBase"]
[SourceDate "2024.10.14"]
[SourceVersion "1"]
[SourceVersionDate "2024.10.14"]
[SourceQuality "1"]

1. d4 Nf6 2. Bg5 d5 3. Nd2 Bf5 4. c3 Ne4 5. Nxe4 Bxe4 6. e3 c6 7. Nf3 Nd7 8. Bd3 Qb6 9. Rb1 Bxd3 10. Qxd3 Qb5 11. Qxb5 cxb5 12. 0-0 e6 13. a3 Bd6 14. Rfe1 Nb6 15. e4 Kd7 16. exd5 exd5 17. Bh4 f6 18. Bg3 Be7 19. Nh4 Rhe8 20. Nf5 Bf8 21. f3 Rxe1+ 22. Rxe1 Nc4 23. Ne3 Nxb2 24. Nxd5 Rc8 25. Ra1 Na4 26. Be1 Bd6 27. Rb1 a6 28. Kf1 Bxa3 29. Ra1 Bd6 30. Ke2 Re8+ 31. Kd3 Kc6 32. Ne3 Nb2+ 33. Kd2 Bf4 0-1

[Event "Titled Tuesday intern op 27th Aug Early"]
[Site "Chess.com INT"]
[Date "2024.08.27"]
[Round "4"]
[White "Krsnik Cohar, Ivan Vihor"]
[Black "Shishkov, Andrei"]
[Result "1-0"]
[WhiteElo "2331"]
[BlackElo "2340"]
[PlyCount "83"]
[EventDate "2024.08.27"]
[EventType "swiss (blitz)"]
[EventRounds "11"]
[EventCountry "USA"]
[SourceTitle "EXT 2025"]
[Source "ChessBase"]
[SourceDate "2024.10.14"]
[SourceVersion "1"]
[SourceVersionDate "2024.10.14"]
[SourceQuality "1"]

1. d4 Nf6 2. Bg5 d5 3. Nd2 c5 4. e3 Nc6 5. c3 Qb6 6. Qb3 c4 7. Qc2 g6 8. Bxf6 exf6 9. e4 Bh6 10. exd5 Bf5 11. Nxc4 Bxc2 12. Nxb6 axb6 13. dxc6 bxc6 14. g3 Kd7 15. Bh3+ f5 16. Kf1 Rhe8 17. g4 fxg4 18. Bxg4+ Kc7 19. Bf3 Bb3 20. a3 Re7 21. h4 Bd2 22. Nh3 Rae8 23. Ng5 h6 24. Nh3 Re1+ 25. Kg2 Rxh1 26. Rxh1 g5 27. hxg5 hxg5 28. Ng1 Bc1 29. Ne2 Bxb2 30. Rb1 Bd5 31. Rxb2 b5 32. Bxd5 cxd5 33. Ng3 Kc6 34. Nf5 Ra8 35. Rb3 Ra7 36. Kg3 f6 37. f3 Rh7 38. Kg2 Ra7 39. Ne3 Ra4 40. Ng4 f5 41. Ne3 Kb6 42. Nxd5+ 1-0

[Event "Titled Tuesday intern op 27th Aug Early"]
[Site "Chess.com INT"]
[Date "2024.08.27"]
[Round "5"]
[White "Krsnik Cohar, Ivan Vihor"]
[Black "Terry, Renato"]
[Result "0-1"]
[WhiteElo "2331"]
[BlackElo "2514"]
[PlyCount "154"]
[EventDate "2024.08.27"]
[EventType "swiss (blitz)"]
[EventRounds "11"]
[EventCountry "USA"]
[SourceTitle "EXT 2025"]
[Source "ChessBase"]
[SourceDate "2024.10.14"]
[SourceVersion "1"]
[SourceVersionDate "2024.10.14"]
[SourceQuality "1"]

1. d4 e6 2. Nf3 Nf6 3. Bg5 b6 4. Nbd2 Bb7 5. c3 h6 6. Bh4 d6 7. e3 g5 8. Bg3 Nh5 9. Bc4 Bg7 10. Qe2 a6 11. 0-0 Nd7 12. e4 Qe7 13. a4 0-0 14. Ne1 Nf4 15. Qf3 e5 16. Nc2 Kh8 17. Rfe1 f5 18. Bxf4 gxf4 19. Bd5 Bxd5 20. exd5 Qg5 21. Qh3 e4 22. Nxe4 fxe4 23. Qxd7 Qxd5 24. Nb4 Qb7 25. Nc6 Rae8 26. Ne7 Kh7 27. d5 e3 28. fxe3 f3 29. Nf5 f2+ 30. Kxf2 Re7 31. Qxe7 Rxf5+ 32. Kg1 Qxd5 33. Rad1 Qc6 34. Rd4 Re5 35. Qh4 Qe8 36. Rd3 Re4 37. Qh3 Qg6 38. Rf1 Rxa4 39. Qf5 Qxf5 40. Rxf5 Kg6 41. Rf2 Ra2 42. g3 a5 43. Kg2 a4 44. e4 Ra1 45. h4 Re1 46. Kf3 Be5 47. g4 Rg1 48. Rg2 Re1 49. Re3 Rc1 50. Ke2 b5 51. Kd3 c5 52. h5+ Kg5 53. Rf3 Rd1+ 54. Kc2 Rh1 55. Rf5+ Kh4 56. g5 hxg5 57. h6 g4 58. h7 Kh3 59. Rff2 g3 60. Re2 Kg4 61. Ref2 Rxh7 62. Rf5 Kh3 63. Rg1 Kh2 64. Rff1 g2 65. Rd1 Rf7 66. Rge1 Rf2+ 67. Kb1 a3 68. bxa3 Bxc3 69. Rg1 Rb2+ 70. Kc1 Ra2 71. Kb1 Ra1+ 72. Kc2 Rxd1 73. Rxd1 Be5 74. Kd3 g1Q 75. Rxg1 Kxg1 76. a4 bxa4 77. Kc4 Kf2 0-1

[Event "Titled Tuesday intern op 27th Aug Late"]
[Site "Chess.com INT"]
[Date "2024.08.27"]
[Round "4"]
[White "Omariev, Maksim"]
[Black "Krsnik Cohar, Ivan Vihor"]
[Result "1-0"]
[WhiteElo "2304"]
[BlackElo "2331"]
[PlyCount "133"]
[EventDate "2024.08.27"]
[EventType "swiss (blitz)"]
[EventRounds "11"]
[EventCountry "USA"]
[SourceTitle "EXT 2025"]
[Source "ChessBase"]
[SourceDate "2024.10.14"]
[SourceVersion "1"]
[SourceVersionDate "2024.10.14"]
[SourceQuality "1"]

1. g4 d5 2. Bg2 Bxg4 3. c4 dxc4 4. Bxb7 Nd7 5. Bxa8 Qxa8 6. f3 Ngf6 7. Na3 Be6 8. Qa4 g5 9. Nxc4 g4 10. d3 Bd5 11. Ne5 Rg8 12. Bf4 Kd8 13. e4 Nxe5 14. Bxe5 Bc6 15. Qd4+ Nd7 16. 0-0-0 Bh6+ 17. Kb1 f6 18. Bg3 e5 19. Qc4 Rf8 20. fxg4 Qb7 21. Nf3 Bb5 22. Qc3 Be3 23. Rhe1 Bb6 24. d4 Kc8 25. dxe5 fxe5 26. Nxe5 Nc5 27. Rd4 Ne6 28. Rd5 a6 29. Red1 Be2 30. R1d2 Bb5 31. h4 Kb8 32. Nd7+ Bxd7 33. Rxd7 Rf1+ 34. Rd1 Qxe4+ 35. Qc2 Rxd1+ 36. Rxd1 Qxg4 37. Rc1 Qxg3 38. Qc3 Qxc3 39. Rxc3 Kc8 40. Rf3 h6 41. Rf6 Kd7 42. Rxh6 Be3 43. Rh7+ Kd6 44. h5 Ng5 45. Rh8 Nf7 46. Ra8 Bb6 47. Rxa6 Ke5 48. a4 Kf5 49. a5 Bc5 50. Rc6 Be3 51. Rxc7 Ne5 52. Rb7 Kg5 53. b4 Kxh5 54. Rb5 Bd4 55. Rd5 Bc3 56. Kc2 Bxb4 57. Rxe5+ Kg6 58. Rb5 Be1 59. a6 Bf2 60. Rb7 Kf6 61. a7 Bxa7 62. Rxa7 Ke6 63. Ra3 Kd6 64. Rd3+ Kc5 65. Kc3 Kb5 66. Rd4 Kb6 67. Rd5 1-0

[Event "Titled Tuesday intern op 27th Aug Early"]
[Site "Chess.com INT"]
[Date "2024.08.27"]
[Round "3"]
[White "Scalcione, Michelangelo"]
[Black "Krsnik Cohar, Ivan Vihor"]
[Result "0-1"]
[WhiteElo "2295"]
[BlackElo "2331"]
[PlyCount "86"]
[EventDate "2024.08.27"]
[EventType "swiss (blitz)"]
[EventRounds "11"]
[EventCountry "USA"]
[SourceTitle "EXT 2025"]
[Source "ChessBase"]
[SourceDate "2024.10.14"]
[SourceVersion "1"]
[SourceVersionDate "2024.10.14"]
[SourceQuality "1"]

1. Nf3 d5 2. d4 Bf5 3. c4 e6 4. Nc3 Nc6 5. Bg5 Be7 6. Bxe7 Ncxe7 7. e3 c6 8. Nh4 Qb6 9. Nxf5 Nxf5 10. Qc2 Nfe7 11. 0-0-0 Nf6 12. Kb1 0-0 13. g4 dxc4 14. Bxc4 Nxg4 15. Rhg1 Nf6 16. e4 Rfd8 17. Ne2 Ng6 18. f4 c5 19. f5 exf5 20. exf5 Ne7 21. dxc5 Qc7 22. Qc3 Rxd1+ 23. Rxd1 Nxf5 24. Rg1 Qxh2 25. Rf1 Ne4 26. Qd3 Qe5 27. Bd5 Re8 28. Nf4 Neg3 29. Rf3 g6 30. Qc4 Re7 31. Nd3 Qe2 32. Rf4 Qd1+ 33. Nc1 Ne2 34. Re4 Qxc1+ 35. Qxc1 Nxc1 36. Kxc1 Rc7 37. b4 h5 38. a3 a5 39. Kd2 axb4 40. axb4 h4 41. Rg4 Rd7 42. Ke2 Rxd5 43. Re4 Ng3+ 0-1

[Event "Titled Tuesday intern op 02nd Jul Early"]
[Site "Chess.com INT"]
[Date "2024.07.02"]
[Round "7"]
[White "Chyngyz, Sultai"]
[Black "Krsnik Cohar, Ivan Vihor"]
[Result "0-1"]
[WhiteElo "1901"]
[BlackElo "2331"]
[PlyCount "118"]
[EventDate "2024.07.02"]
[EventType "swiss (blitz)"]
[EventRounds "11"]
[EventCountry "USA"]
[SourceTitle "EXT 2025"]
[Source "ChessBase"]
[SourceDate "2024.10.14"]
[SourceVersion "1"]
[SourceVersionDate "2024.10.14"]
[SourceQuality "1"]

1. e4 d5 2. exd5 Qxd5 3. Nc3 Qe5+ 4. Be2 c6 5. d4 Qc7 6. Nf3 Bf5 7. Nh4 Bg6 8. d5 Nf6 9. g3 Nxd5 10. Nxd5 cxd5 11. Qxd5 e6 12. Qb3 Bxc2 13. Bb5+ Nc6 14. Qc4 Qe5+ 15. Be3 Be4 16. 0-0 Be7 17. Ng2 a6 18. Bxc6+ Bxc6 19. Bd4 Qe4 20. f3 Qg6 21. Nf4 Qh6 22. Rad1 0-0 23. Be3 Rac8 24. Qb3 Qf6 25. Rfe1 e5 26. Nd5 Bxd5 27. Qxd5 b5 28. Rc1 Rcd8 29. Qe4 Qe6 30. b3 f5 31. Qb7 Rd7 32. Rc7 Rxc7 33. Qxc7 Rc8 34. Qb6 Qxb6 35. Bxb6 Bf6 36. Re2 Kf7 37. a4 Rc3 38. axb5 Rxb3 39. Bf2 axb5 40. Kg2 b4 41. Bc5 Ke6 42. f4 e4 43. Rd2 Rb1 44. Rd6+ Kf7 45. Rd2 b3 46. Rd7+ Ke6 47. Rd6+ Kf7 48. Rd7+ Ke8 49. Rb7 b2 50. Ba3 Rc1 51. Bxb2 Rc2+ 52. Kh3 Rxb2 53. Ra7 Bd4 54. Ra8+ Kf7 55. Ra5 g6 56. Kh4 e3 57. Ra6 e2 58. h3 e1Q 59. Rf6+ Bxf6# 0-1

[Event "Titled Tuesday intern op 02nd Jul Early"]
[Site "Chess.com INT"]
[Date "2024.07.02"]
[Round "1"]
[White "Dicen, Elis Denele"]
[Black "Krsnik Cohar, Ivan Vihor"]
[Result "0-1"]
[WhiteElo "2060"]
[BlackElo "2331"]
[PlyCount "182"]
[EventDate "2024.07.02"]
[EventType "swiss (blitz)"]
[EventRounds "11"]
[EventCountry "USA"]
[SourceTitle "EXT 2025"]
[Source "ChessBase"]
[SourceDate "2024.10.14"]
[SourceVersion "1"]
[SourceVersionDate "2024.10.14"]
[SourceQuality "1"]

1. e4 d5 2. exd5 Qxd5 3. Nc3 Qe5+ 4. Be2 c6 5. Nf3 Qc7 6. d4 Bf5 7. g3 e6 8. Bf4 Bd6 9. Bxd6 Qxd6 10. Qd2 Nf6 11. 0-0-0 Nbd7 12. h3 h6 13. Bd3 Bxd3 14. Qxd3 0-0-0 15. Kb1 Rhe8 16. Rhe1 Kb8 17. Ne4 Nxe4 18. Qxe4 Ka8 19. c3 Qc7 20. Nd2 Nf6 21. Qe2 Nd5 22. Ne4 Qb6 23. Ka1 Qa5 24. Nc5 a6 25. Qc4 Nb6 26. Qb3 Qb5 27. Qxb5 axb5 28. b3 Kb8 29. Kb2 Kc7 30. f4 Ra8 31. Re2 Nd5 32. a3 Ra7 33. Ra1 Rea8 34. Nd3 Kd6 35. Ne5 f6 36. Nd3 b6 37. c4 bxc4 38. bxc4 Nc7 39. Kb3 c5 40. Re4 f5 41. dxc5+ bxc5 42. Re5 Rb8+ 43. Kc3 Rba8 44. Kb2 Ra5 45. Rd1 Kc6 46. a4 Rxa4 47. Rxc5+ Kb6 48. Re5 Ra2+ 49. Kc3 R8a3+ 50. Kd4 Rg2 51. c5+ Kc6 52. Nb4+ Kd7 53. Kc4+ Kc8 54. c6 Rgxg3 55. Kc5 Rgc3+ 56. Kd6 Rab3 57. Na2 Rc2 58. Nc1 Rb6 59. Ke7 Rbxc6 60. Nd3 R2c3 61. Nb4 R6c4 62. Nd3 Rd4 63. Kf7 Rd7+ 64. Kg8 Rcxd3 65. Rg1 Rxh3 66. Rc1 Rh4 67. Rxe6 Rxf4 68. Re8+ Kb7 69. Rb1+ Kc6 70. Rc1+ Kd6 71. Rd1+ Nd5 72. Re2 Re4 73. Red2 Ke5 74. Rf2 f4 75. Rdf1 g5 76. Rh1 Rd6 77. Rh5 Ne3 78. Rfh2 Kf5 79. Rxh6 Rxh6 80. Rxh6 f3 81. Rh3 f2 82. Rh1 f1Q 83. Rxf1+ Nxf1 84. Kh7 g4 85. Kh6 g3 86. Kh5 Rg4 87. Kh6 Rg5 88. Kh7 Rg6 89. Kh8 Kf6 90. Kh7 Kf7 91. Kh8 Rh6# 0-1